¡Qué vacaciones tan superratónicas! / (Registro nro. 10214)

Detalles MARC
000 -LEADER
fixed length control field 02049nam a22004697b 4500
001 - CONTROL NUMBER
control field 0002389186
003 - CONTROL NUMBER IDENTIFIER
control field DO-SdBNP
005 - DATE AND TIME OF LATEST TRANSACTION
control field 20160524154300.0
007 - PHYSICAL DESCRIPTION FIXED FIELD--GENERAL INFORMATION
fixed length control field 0002389186
008 - FIXED-LENGTH DATA ELEMENTS--GENERAL INFORMATION
fixed length control field 061031s2006 sp | ||| ||spa
016 7# - NATIONAL BIBLIOGRAPHIC AGENCY CONTROL NUMBER
Record control number
Source BPMSU
017 ## - COPYRIGHT OR LEGAL DEPOSIT NUMBER
Copyright or legal deposit number
Assigning agency
020 ## - INTERNATIONAL STANDARD BOOK NUMBER
International Standard Book Number 9788408067559
035 ## - SYSTEM CONTROL NUMBER
System control number
040 ## - CATALOGING SOURCE
Original cataloging agency BPMSU
Language of cataloging spa
Transcribing agency BPMSU
Description conventions
041 1# - LANGUAGE CODE
Language code of text/sound track or separate title spa
Language code of original
080 #0 - UNIVERSAL DECIMAL CLASSIFICATION NUMBER
Universal Decimal Classification number
100 1# - MAIN ENTRY--PERSONAL NAME
Personal name Stilton, Geronimo
240 10 - UNIFORM TITLE
Uniform title <a href="Quella stratopica vacanza alla pensione Mirasorci--">Quella stratopica vacanza alla pensione Mirasorci--</a>
Language of a work Español
245 10 - TITLE STATEMENT
Title ¡Qué vacaciones tan superratónicas! /
Medium
Statement of responsibility, etc. Geronimo Stilton ; ilustraciones de Larry Keys y Miss Hoops ; traducción de Manuel Manzano
250 ## - EDITION STATEMENT
Edition statement
260 ## - PUBLICATION, DISTRIBUTION, ETC. (IMPRINT)
Place of publication, distribution, etc. [Barcelona] :
Name of publisher, distributor, etc. Destino,
Date of publication, distribution, etc. 2006
300 ## - PHYSICAL DESCRIPTION
Extent 88, [20] p. :
Other physical details il. ;
Dimensions 20 cm
490 0# - SERIES STATEMENT
Series statement Humor y viajes
Volume/sequential designation 24
700 1# - ADDED ENTRY--PERSONAL NAME
Personal name Keys, Larry
Relator term il.
700 1# - ADDED ENTRY--PERSONAL NAME
Personal name Hoops, Miss
Relator term il.
830 ## - SERIES ADDED ENTRY--UNIFORM TITLE
Uniform title Humor y viajes
Volume number/sequential designation 24
942 ## - ADDED ENTRY ELEMENTS (KOHA)
Source of classification or shelving scheme Dewey Decimal Classification
Koha item type Libros
956 ## - LOCAL ELECTRONIC LOCATION AND ACCESS (OCLC)
Host name 2
980 ## - EQUIVALENCE OR CROSS-REFERENCE-SERIES STATEMENT--PERSONAL NAME/TITLE [LOCAL, CANADA]
Personal name M 20373-2006
-- 84-08-06755-9
-- M-BN
Numeration BNALCALA
Attribution qualifier 12/393486
Titles and other words associated with a name ALCALA
980 ## - EQUIVALENCE OR CROSS-REFERENCE-SERIES STATEMENT--PERSONAL NAME/TITLE [LOCAL, CANADA]
Personal name M 39457-2006
-- 84-08-06755-9
-- M-BN
Numeration BNALCALA
Attribution qualifier DL/1513924
Titles and other words associated with a name CONSERVACI
980 ## - EQUIVALENCE OR CROSS-REFERENCE-SERIES STATEMENT--PERSONAL NAME/TITLE [LOCAL, CANADA]
Personal name M 39457-2006
-- 84-08-06755-9
-- M-BN
Numeration BNALCALA
Attribution qualifier AHMo/230347
Titles and other words associated with a name SG_PETANTI
980 ## - EQUIVALENCE OR CROSS-REFERENCE-SERIES STATEMENT--PERSONAL NAME/TITLE [LOCAL, CANADA]
Personal name M 20373-2006
-- 84-08-06755-9
-- M-BN
Numeration BNALCALA
Attribution qualifier DL/1542617
Titles and other words associated with a name CONSERVACI
980 ## - EQUIVALENCE OR CROSS-REFERENCE-SERIES STATEMENT--PERSONAL NAME/TITLE [LOCAL, CANADA]
Personal name M 20373-2006
-- 84-08-06755-9
-- M-BN
Numeration BNALCALA
Attribution qualifier AHMo/252681
Titles and other words associated with a name SG_PETANTI
980 ## - EQUIVALENCE OR CROSS-REFERENCE-SERIES STATEMENT--PERSONAL NAME/TITLE [LOCAL, CANADA]
Personal name M 39457-2006
-- 84-08-06755-9
-- M-BN
Numeration BNALCALA
Attribution qualifier AHM/850250
Titles and other words associated with a name SALA_ALC
980 ## - EQUIVALENCE OR CROSS-REFERENCE-SERIES STATEMENT--PERSONAL NAME/TITLE [LOCAL, CANADA]
Personal name M 10638-2007
-- 978-84-08-06755-9 (ISBN único)
-- M-BN
Numeration BNALCALA
Attribution qualifier DL/1550481
Titles and other words associated with a name CONSERVACI
980 ## - EQUIVALENCE OR CROSS-REFERENCE-SERIES STATEMENT--PERSONAL NAME/TITLE [LOCAL, CANADA]
Personal name M 10638-2007
-- 978-84-08-06755-9 (ISBN único)
-- M-BN
Numeration BNALCALA
Attribution qualifier AHMo/258900
Titles and other words associated with a name SG_PETANTI
980 ## - EQUIVALENCE OR CROSS-REFERENCE-SERIES STATEMENT--PERSONAL NAME/TITLE [LOCAL, CANADA]
Personal name M 23798-2007
-- 978-84-08-06755-9 (ISBN único)
-- M-BN
Numeration BNALCALA
Attribution qualifier DL/1570070
Titles and other words associated with a name CONSERVACI
980 ## - EQUIVALENCE OR CROSS-REFERENCE-SERIES STATEMENT--PERSONAL NAME/TITLE [LOCAL, CANADA]
Personal name M 23798-2007
-- 978-84-08-06755-9 (ISBN único)
-- M-BN
Numeration BNALCALA
Attribution qualifier AHMo/275280
Titles and other words associated with a name SG_PETANTI
980 ## - EQUIVALENCE OR CROSS-REFERENCE-SERIES STATEMENT--PERSONAL NAME/TITLE [LOCAL, CANADA]
Personal name M 40982-2007
-- 978-84-08-06755-9 (ISBN único)
-- M-BN
Numeration BNALCALA
Attribution qualifier AHMo/297285
Titles and other words associated with a name SG_PETANTI
980 ## - EQUIVALENCE OR CROSS-REFERENCE-SERIES STATEMENT--PERSONAL NAME/TITLE [LOCAL, CANADA]
Personal name M 40982-2007
-- 978-84-08-06755-9 (ISBN único)
-- M-BN
Numeration BNALCALA
Attribution qualifier DL/1598325
Titles and other words associated with a name CONSERVACI
Existencias
Withdrawn status Lost status Source of classification or shelving scheme Damaged status Not for loan Collection code Home library Current library Date acquired Source of acquisition Total Checkouts Barcode Date last seen Price effective from Koha item type
    Dewey Decimal Classification       Biblioteca Pública Metropolitana Salomé Ureña Biblioteca Pública Metropolitana Salomé Ureña 05/24/2016 FUNDI   BPMET16050440 05/24/2016 05/24/2016 Libros